Гидрогеологи-политехники - Томску и Томской области; Известия Томского политехнического университета [Известия ТПУ]; Т. 307, № 5
| Parent link: | Известия Томского политехнического университета [Известия ТПУ]/ Томский политехнический университет (ТПУ).— , 2000- Т. 307, № 5.— 2004.— [С. 186-189] |
|---|---|
| Huvudupphovsman: | |
| Institutionell upphovsman: | |
| Sammanfattning: | Заглавие с титульного листа Электронная версия печатной публикации История создания кафедры гидрогеологии и инженерной геологии Томского политехнического университета. Научные исследования сотрудников кафедры по гидрогеологии Томской области, по созданию томского водозабора, микробиологическим исследованиям, инженерному обеспечению г. Томска, условиям захоронения жидких радиоактивных отходов Сибирского химического комбината, гидрогеохимическим методам поисков месторождений полезных ископаемых. |
| Språk: | ryska |
| Publicerad: |
2004
|
| Serie: | Страницы истории ТПУ |
| Ämnen: | |
| Länkar: | http://www.lib.tpu.ru/fulltext/v/Bulletin_TPU/2004/v307/i5/42.pdf |
| Materialtyp: | MixedMaterials Elektronisk Bokavsnitt |
| KOHA link: | https://koha.lib.tpu.ru/cgi-bin/koha/opac-detail.pl?biblionumber=169855 |
MARC
| LEADER | 00000nla2a2200000 4500 | ||
|---|---|---|---|
| 001 | 169855 | ||
| 005 | 20231031163535.0 | ||
| 035 | |a (RuTPU)RU\TPU\book\184220 | ||
| 035 | |a RU\TPU\book\184218 | ||
| 090 | |a 169855 | ||
| 100 | |a 20091118d2004 k y0rusy50 ca | ||
| 101 | 0 | |a rus | |
| 102 | |a RU | ||
| 135 | |a drnn ---uucaa | ||
| 181 | 0 | |a i | |
| 182 | 0 | |a b | |
| 200 | 1 | |a Гидрогеологи-политехники - Томску и Томской области |b Электронный ресурс |f Н. М. Рассказов | |
| 203 | |a Текст |c электронный | ||
| 215 | |a 1 файл (122 Кб) | ||
| 225 | 1 | |a Страницы истории ТПУ | |
| 230 | |a Электронные текстовые данные (1 файл : 122 Кб) | ||
| 300 | |a Заглавие с титульного листа | ||
| 300 | |a Электронная версия печатной публикации | ||
| 320 | |a [Библиогр.: с. 189 (4 назв.)] | ||
| 330 | |a История создания кафедры гидрогеологии и инженерной геологии Томского политехнического университета. Научные исследования сотрудников кафедры по гидрогеологии Томской области, по созданию томского водозабора, микробиологическим исследованиям, инженерному обеспечению г. Томска, условиям захоронения жидких радиоактивных отходов Сибирского химического комбината, гидрогеохимическим методам поисков месторождений полезных ископаемых. | ||
| 337 | |a Adobe Reader | ||
| 461 | 1 | |0 (RuTPU)RU\TPU\book\176237 |t Известия Томского политехнического университета [Известия ТПУ] |f Томский политехнический университет (ТПУ) |d 2000- | |
| 463 | 1 | |0 (RuTPU)RU\TPU\book\184141 |t Т. 307, № 5 |v [С. 186-189] |d 2004 |p 197 с. | |
| 601 | 0 | 2 | |a Томский политехнический университет (ТПУ) |c (1991- ) |2 stltpush |3 (RuTPU)RU\TPU\col\376 |b Кафедра гидрогеологии и инженерной геологии (ГИГ) |
| 601 | 0 | 2 | |a Сибирский химический комбинат (СХК) |c Федеральное государственное унитарное предприятие |c (Северск) |2 stltpush |3 (RuTPU)RU\TPU\col\111 |
| 610 | 1 | |a гидрогеологи-политехники | |
| 610 | 1 | |a Томск | |
| 610 | 1 | |a Томская область | |
| 610 | 1 | |a научные исследования | |
| 610 | 1 | |a гидрогеология | |
| 610 | 1 | |a водозаборы | |
| 610 | 1 | |a микробиологические исследования | |
| 610 | 1 | |a инженерное обеспечение | |
| 610 | 1 | |a захоронения | |
| 610 | 1 | |a условия | |
| 610 | 1 | |a жидкие радиоактивные отходы | |
| 610 | 1 | |a гидрогеохимические методы | |
| 610 | 1 | |a поиски | |
| 610 | 1 | |a месторождения полезных ископаемых | |
| 610 | 1 | |a труды учёных ТПУ | |
| 610 | 1 | |a электронный ресурс | |
| 700 | 1 | |a Рассказов |b Н. М. |c доктор геолого-минералогических наук |c профессор Томского политехнического университета |f 1932- |g Николай Михайлович |2 stltpush |3 (RuTPU)RU\TPU\pers\22123 | |
| 712 | 0 | 2 | |a Томский политехнический университет (ТПУ) |c (1991- ) |2 stltpush |3 (RuTPU)RU\TPU\col\376 |
| 801 | 1 | |a RU |b 63413507 |c 20090623 |g PSBO | |
| 801 | 2 | |a RU |b 63413507 |c 20210728 |g PSBO | |
| 856 | 4 | |u http://www.lib.tpu.ru/fulltext/v/Bulletin_TPU/2004/v307/i5/42.pdf | |
| 942 | |c CF | ||